[Event "DVM U20 2020"]
[Site "Willingen GER"]
[Date "2021.06.25"]
[Round "4"]
[White "Skabs, Denis"]
[Black "Dechant, Georg"]
[Result "1-0"]
[Termination "normal"]
[Board "4.4"]
[WhiteElo "1939"]
[BlackElo "2022"]
[WhiteClock "00:07:35"]
[BlackClock "00:26:01"]
[WhiteTeam "Schachfreunde Brackel 1930 e. V."]
[BlackTeam "SC Bavaria Regensburg von 1881 e.V."]
[PlyCount "137"]
[WhiteFideId "16248449"]
[BlackFideId "12956716"]
[EventCountry "GER"]
[EventRounds "7"]
[EventType "team-swiss"]
[EventDate "2021.06.23"]

1. e4 {[%clk 01:30:56]} {[%emt 00:00:03]} c5 {[%clk 01:30:57]} {[%emt
00:00:04]} 2. d4 {[%clk 01:31:22]} {[%emt 00:00:04]} cxd4 {[%clk 01:31:22]}
{[%emt 00:00:06]} 3. c3 {[%clk 01:31:49]} {[%emt 00:00:03]} dxc3 {[%clk
01:31:47]} {[%emt 00:00:04]} 4. Nxc3 {[%clk 01:32:15]} {[%emt 00:00:05]} d6
{[%clk 01:32:13]} {[%emt 00:00:04]} 5. Nf3 {[%clk 01:32:39]} {[%emt 00:00:06]}
Nc6 {[%clk 01:32:39]} {[%emt 00:00:03]} 6. Bc4 {[%clk 01:33:04]} {[%emt
00:00:06]} e6 {[%clk 01:33:05]} {[%emt 00:00:03]} 7. O-O {[%clk 01:33:23]}
{[%emt 00:00:11]} Nf6 {[%clk 01:33:31]} {[%emt 00:00:04]} 8. Qe2 {[%clk
01:33:44]} {[%emt 00:00:10]} Be7 {[%clk 01:33:55]} {[%emt 00:00:05]} 9. Rd1
{[%clk 01:34:09]} {[%emt 00:00:05]} e5 {[%clk 01:34:22]} {[%emt 00:00:03]} 10.
Be3 {[%clk 01:34:06]} {[%emt 00:00:34]} O-O {[%clk 01:33:31]} {[%emt 00:01:21]}
11. Rac1 {[%clk 01:34:04]} {[%emt 00:00:32]} Ng4 {[%clk 01:32:03]} {[%emt
00:01:57]} 12. Bc5 {[%clk 01:32:04]} {[%emt 00:02:30]} a6 {[%clk 01:07:55]}
{[%emt 00:24:38]} 13. a4 {[%clk 01:18:43]} {[%emt 00:13:51]} Be6 {[%clk
01:04:24]} {[%emt 00:04:02]} 14. Ba3 {[%clk 00:57:05]} {[%emt 00:22:07]} Rc8
{[%clk 00:50:05]} {[%emt 00:14:49]} 15. Nd5 {[%clk 00:49:58]} {[%emt 00:07:37]}
Bxd5 {[%clk 00:48:24]} {[%emt 00:02:12]} 16. Bxd5 {[%clk 00:50:20]} {[%emt
00:00:08]} Qb6 {[%clk 00:44:29]} {[%emt 00:04:24]} 17. h3 {[%clk 00:45:08]}
{[%emt 00:05:42]} Nf6 {[%clk 00:44:29]} {[%emt 00:00:29]} 18. Bxc6 {[%clk
00:40:42]} {[%emt 00:04:56]} Rxc6 {[%clk 00:44:55]} {[%emt 00:00:05]} 19. Nxe5
{[%clk 00:39:46]} {[%emt 00:01:26]} dxe5 {[%clk 00:42:00]} {[%emt 00:03:25]}
20. Bxe7 {[%clk 00:39:49]} {[%emt 00:00:27]} Rxc1 {[%clk 00:40:21]} {[%emt
00:02:09]} 21. Rxc1 {[%clk 00:40:02]} {[%emt 00:00:17]} Re8 {[%clk 00:40:47]}
{[%emt 00:00:04]} 22. Bxf6 {[%clk 00:39:49]} {[%emt 00:00:43]} Qxf6 {[%clk
00:41:07]} {[%emt 00:00:10]} 23. Rc7 {[%clk 00:38:57]} {[%emt 00:01:22]} Qb6
{[%clk 00:39:29]} {[%emt 00:02:08]} 24. Qc4 {[%clk 00:38:53]} {[%emt 00:00:34]}
Rf8 {[%clk 00:39:53]} {[%emt 00:00:05]} 25. b4 {[%clk 00:36:34]} {[%emt
00:02:50]} Qd6 {[%clk 00:29:13]} {[%emt 00:11:10]} 26. Rxb7 {[%clk 00:25:45]}
{[%emt 00:11:20]} Qd1+ {[%clk 00:29:39]} {[%emt 00:00:04]} 27. Kh2 {[%clk
00:25:52]} {[%emt 00:00:21]} Qd2 {[%clk 00:29:52]} {[%emt 00:00:18]} 28. Qc5
{[%clk 00:15:40]} {[%emt 00:10:42]} Qf4+ {[%clk 00:29:59]} {[%emt 00:00:22]}
29. g3 {[%clk 00:15:51]} {[%emt 00:00:19]} Qxe4 {[%clk 00:30:16]} {[%emt
00:00:14]} 30. Re7 {[%clk 00:16:06]} {[%emt 00:00:16]} g6 {[%clk 00:21:39]}
{[%emt 00:09:06]} 31. Rxe5 {[%clk 00:16:07]} {[%emt 00:00:30]} Qf3 {[%clk
00:22:03]} {[%emt 00:00:06]} 32. Qe3 {[%clk 00:15:58]} {[%emt 00:00:39]} Qd1
{[%clk 00:21:17]} {[%emt 00:01:15]} 33. a5 {[%clk 00:10:53]} {[%emt 00:05:37]}
Rc8 {[%clk 00:16:57]} {[%emt 00:04:49]} 34. Re8+ {[%clk 00:11:01]} {[%emt
00:00:22]} Rxe8 {[%clk 00:17:22]} {[%emt 00:00:05]} 35. Qxe8+ {[%clk 00:11:26]}
{[%emt 00:00:06]} Kg7 {[%clk 00:17:49]} {[%emt 00:00:02]} 36. Qe5+ {[%clk
00:11:35]} {[%emt 00:00:21]} Kg8 {[%clk 00:18:13]} {[%emt 00:00:06]} 37. Kg2
{[%clk 00:09:56]} {[%emt 00:02:10]} Qd7 {[%clk 00:14:25]} {[%emt 00:04:17]} 38.
Qe4 {[%clk 00:08:31]} {[%emt 00:01:55]} Kg7 {[%clk 00:10:28]} {[%emt 00:04:27]}
39. Qc4 {[%clk 00:08:12]} {[%emt 00:00:49]} Qb7+ {[%clk 00:10:32]} {[%emt
00:00:26]} 40. Kh2 {[%clk 00:08:19]} {[%emt 00:00:22]} Qf3 {[%clk 00:09:50]}
{[%emt 00:01:12]} 41. Qc5 {[%clk 00:05:46]} {[%emt 00:03:03]} h5 {[%clk
00:06:13]} {[%emt 00:04:07]} 42. h4 {[%clk 00:05:45]} {[%emt 00:00:33]} Kh7
{[%clk 00:05:06]} {[%emt 00:01:36]} 43. Kg1 {[%clk 00:03:27]} {[%emt 00:02:48]}
Qe2 {[%clk 00:04:23]} {[%emt 00:01:14]} 44. Qc6 {[%clk 00:27:16]} {[%emt
00:06:40]} Qe1+ {[%clk 00:26:49]} {[%emt 00:08:03]} 45. Kg2 {[%clk 00:26:58]}
{[%emt 00:00:48]} Qxb4 {[%clk 00:27:08]} {[%emt 00:00:12]} 46. Qxa6 {[%clk
00:26:57]} {[%emt 00:00:31]} Qe4+ {[%clk 00:27:22]} {[%emt 00:00:14]} 47. Kh2
{[%clk 00:27:06]} {[%emt 00:00:22]} Qf3 {[%clk 00:26:45]} {[%emt 00:01:07]} 48.
Qb6 {[%clk 00:27:26]} {[%emt 00:00:10]} Kg7 {[%clk 00:26:36]} {[%emt 00:00:39]}
49. a6 {[%clk 00:26:34]} {[%emt 00:01:22]} Kh7 {[%clk 00:26:00]} {[%emt
00:01:05]} 50. Qb2 {[%clk 00:21:17]} {[%emt 00:05:47]} g5 {[%clk 00:24:36]}
{[%emt 00:01:55]} 51. hxg5 {[%clk 00:09:44]} {[%emt 00:12:03]} h4 {[%clk
00:24:39]} {[%emt 00:00:27]} 52. Qc2+ {[%clk 00:07:25]} {[%emt 00:02:49]} Kg7
{[%clk 00:24:55]} {[%emt 00:00:14]} 53. Qb2+ {[%clk 00:06:54]} {[%emt
00:01:01]} Kh7 {[%clk 00:25:21]} {[%emt 00:00:04]} 54. Qc2+ {[%clk 00:07:22]}
{[%emt 00:00:01]} Kg7 {[%clk 00:25:43]} {[%emt 00:00:08]} 55. gxh4 {[%clk
00:07:48]} {[%emt 00:00:05]} Qf4+ {[%clk 00:26:02]} {[%emt 00:00:11]} 56. Kg2
{[%clk 00:07:41]} {[%emt 00:00:37]} Qg4+ {[%clk 00:26:25]} {[%emt 00:00:07]}
57. Kf1 {[%clk 00:07:57]} {[%emt 00:00:12]} Qh3+ {[%clk 00:26:48]} {[%emt
00:00:09]} 58. Ke1 {[%clk 00:08:11]} {[%emt 00:00:15]} Qh1+ {[%clk 00:26:11]}
{[%emt 00:01:07]} 59. Ke2 {[%clk 00:08:33]} {[%emt 00:00:09]} Qxh4 {[%clk
00:24:07]} {[%emt 00:02:33]} 60. Qc3+ {[%clk 00:08:16]} {[%emt 00:00:48]} Kh7
{[%clk 00:24:32]} {[%emt 00:00:04]} 61. Qd3+ {[%clk 00:07:28]} {[%emt
00:01:19]} Kg7 {[%clk 00:24:54]} {[%emt 00:00:07]} 62. a7 {[%clk 00:07:06]}
{[%emt 00:00:53]} Qg4+ {[%clk 00:25:00]} {[%emt 00:00:24]} 63. Kf1 {[%clk
00:07:09]} {[%emt 00:00:26]} Qa4 {[%clk 00:25:01]} {[%emt 00:00:30]} 64. Qe3
{[%clk 00:06:39]} {[%emt 00:01:00]} Qd1+ {[%clk 00:25:00]} {[%emt 00:00:31]}
65. Kg2 {[%clk 00:06:46]} {[%emt 00:00:23]} Qg4+ {[%clk 00:25:08]} {[%emt
00:00:22]} 66. Qg3 {[%clk 00:07:05]} {[%emt 00:00:11]} Qa4 {[%clk 00:25:26]}
{[%emt 00:00:12]} 67. Qe5+ {[%clk 00:07:17]} {[%emt 00:00:18]} Kg6 {[%clk
00:25:38]} {[%emt 00:00:18]} 68. Qf6+ {[%clk 00:07:33]} {[%emt 00:00:14]} Kh5
{[%clk 00:26:01]} {[%emt 00:00:06]} 69. Qf3+ {[%clk 00:07:35]} {[%emt
00:00:29]} 1-0

[Event "DVM U20 2020"]
[Site "Willingen GER"]
[Date "2021.06.25"]
[Round "4"]
[White "Bartelt, Max Peter"]
[Black "Brüll, Elias"]
[Result "1-0"]
[Termination "normal"]
[Board "4.6"]
[WhiteElo "1823"]
[BlackElo "1798"]
[WhiteClock "00:17:27"]
[BlackClock "00:01:17"]
[WhiteTeam "Schachfreunde Brackel 1930 e. V."]
[BlackTeam "SC Bavaria Regensburg von 1881 e.V."]
[PlyCount "123"]
[WhiteFideId "12967289"]
[BlackFideId "12964921"]
[EventCountry "GER"]
[EventRounds "7"]
[EventType "team-swiss"]
[EventDate "2021.06.23"]

1. d4 {[%clk 01:30:58]} {[%emt 00:00:01]} Nf6 {[%clk 01:30:53]} {[%emt
00:00:08]} 2. Nf3 {[%clk 01:31:24]} {[%emt 00:00:03]} c5 {[%clk 01:31:19]}
{[%emt 00:00:04]} 3. d5 {[%clk 01:31:48]} {[%emt 00:00:06]} e6 {[%clk
01:31:44]} {[%emt 00:00:05]} 4. c4 {[%clk 01:32:15]} {[%emt 00:00:04]} exd5
{[%clk 01:32:07]} {[%emt 00:00:07]} 5. cxd5 {[%clk 01:32:38]} {[%emt 00:00:06]}
d6 {[%clk 01:32:24]} {[%emt 00:00:14]} 6. Nc3 {[%clk 01:32:56]} {[%emt
00:00:12]} g6 {[%clk 01:32:45]} {[%emt 00:00:09]} 7. e4 {[%clk 01:33:14]}
{[%emt 00:00:11]} Bg7 {[%clk 01:32:59]} {[%emt 00:00:16]} 8. Be2 {[%clk
01:33:28]} {[%emt 00:00:16]} a6 {[%clk 01:31:50]} {[%emt 00:01:40]} 9. a4
{[%clk 01:33:38]} {[%emt 00:00:20]} O-O {[%clk 01:32:01]} {[%emt 00:00:19]} 10.
O-O {[%clk 01:34:03]} {[%emt 00:00:05]} Re8 {[%clk 01:30:56]} {[%emt 00:01:35]}
11. Nd2 {[%clk 01:32:33]} {[%emt 00:02:00]} Nbd7 {[%clk 01:29:18]} {[%emt
00:02:08]} 12. f4 {[%clk 01:32:57]} {[%emt 00:00:06]} Rb8 {[%clk 01:19:07]}
{[%emt 00:10:41]} 13. Qc2 {[%clk 01:32:41]} {[%emt 00:00:45]} Nb6 {[%clk
01:08:25]} {[%emt 00:11:13]} 14. h3 {[%clk 01:26:41]} {[%emt 00:06:29]} Nfxd5
{[%clk 00:58:41]} {[%emt 00:10:15]} 15. Nf3 {[%clk 01:16:46]} {[%emt 00:10:25]}
Nb4 {[%clk 00:53:19]} {[%emt 00:05:51]} 16. Qd1 {[%clk 01:15:28]} {[%emt
00:01:48]} d5 {[%clk 00:48:41]} {[%emt 00:05:09]} 17. Qb3 {[%clk 01:06:51]}
{[%emt 00:09:07]} d4 {[%clk 00:39:53]} {[%emt 00:09:18]} 18. Ng5 {[%clk
01:04:05]} {[%emt 00:03:16]} Re7 {[%clk 00:17:49]} {[%emt 00:22:34]} 19. a5
{[%clk 00:46:46]} {[%emt 00:17:48]} dxc3 {[%clk 00:13:55]} {[%emt 00:04:24]}
20. bxc3 {[%clk 00:46:17]} {[%emt 00:01:00]} N6d5 {[%clk 00:13:10]} {[%emt
00:01:15]} 21. Rd1 {[%clk 00:33:33]} {[%emt 00:13:13]} Qc7 {[%clk 00:10:15]}
{[%emt 00:03:25]} 22. Bc4 {[%clk 00:26:32]} {[%emt 00:07:31]} Nxc3 {[%clk
00:07:26]} {[%emt 00:03:19]} 23. Bxf7+ {[%clk 00:24:12]} {[%emt 00:02:49]} Rxf7
{[%clk 00:05:16]} {[%emt 00:02:41]} 24. Nxf7 {[%clk 00:23:57]} {[%emt
00:00:45]} c4 {[%clk 00:05:31]} {[%emt 00:00:16]} 25. Nh6+ {[%clk 00:22:11]}
{[%emt 00:02:15]} Bxh6 {[%clk 00:05:02]} {[%emt 00:00:58]} 26. Qxc3 {[%clk
00:22:37]} {[%emt 00:00:05]} Bg7 {[%clk 00:04:13]} {[%emt 00:01:19]} 27. e5
{[%clk 00:21:42]} {[%emt 00:01:25]} Qc5+ {[%clk 00:03:59]} {[%emt 00:00:43]}
28. Be3 {[%clk 00:21:27]} {[%emt 00:00:45]} Nd5 {[%clk 00:03:56]} {[%emt
00:00:34]} 29. Bxc5 {[%clk 00:20:59]} {[%emt 00:00:58]} Nxc3 {[%clk 00:04:25]}
{[%emt 00:00:01]} 30. Rd8+ {[%clk 00:21:00]} {[%emt 00:00:30]} Kf7 {[%clk
00:04:47]} {[%emt 00:00:08]} 31. e6+ {[%clk 00:18:40]} {[%emt 00:02:49]} Bxe6
{[%clk 00:03:08]} {[%emt 00:02:10]} 32. Rxb8 {[%clk 00:18:36]} {[%emt
00:00:33]} Ne2+ {[%clk 00:03:32]} {[%emt 00:00:07]} 33. Kf2 {[%clk 00:18:46]}
{[%emt 00:00:19]} Bxa1 {[%clk 00:03:44]} {[%emt 00:00:19]} 34. Kxe2 {[%clk
00:19:09]} {[%emt 00:00:07]} Bd5 {[%clk 00:02:57]} {[%emt 00:01:16]} 35. g3
{[%clk 00:18:57]} {[%emt 00:00:41]} Bc3 {[%clk 00:02:48]} {[%emt 00:00:40]} 36.
Rd8 {[%clk 00:18:47]} {[%emt 00:00:40]} Be4 {[%clk 00:01:31]} {[%emt 00:01:46]}
37. Ke3 {[%clk 00:18:01]} {[%emt 00:01:16]} Bd3 {[%clk 00:01:43]} {[%emt
00:00:19]} 38. Rd7+ {[%clk 00:18:01]} {[%emt 00:00:30]} Kg8 {[%clk 00:00:37]}
{[%emt 00:01:36]} 39. Bb6 {[%clk 00:17:00]} {[%emt 00:01:31]} Bf1 {[%clk
00:00:42]} {[%emt 00:00:24]} 40. Rxb7 {[%clk 00:16:42]} {[%emt 00:00:48]} Bxh3
{[%clk 00:00:32]} {[%emt 00:00:41]} 41. Rc7 {[%clk 00:06:04]} {[%emt 00:11:07]}
Bf1 {[%clk 00:28:26]} {[%emt 00:02:37]} 42. Ra7 {[%clk 00:26:53]} {[%emt
00:09:41]} Be1 {[%clk 00:23:55]} {[%emt 00:05:01]} 43. Rxa6 {[%clk 00:26:17]}
{[%emt 00:01:06]} Bxg3 {[%clk 00:20:13]} {[%emt 00:04:12]} 44. Bd4 {[%clk
00:25:48]} {[%emt 00:00:58]} Be1 {[%clk 00:11:20]} {[%emt 00:09:24]} 45. Ra7
{[%clk 00:25:43]} {[%emt 00:00:34]} c3 {[%clk 00:05:17]} {[%emt 00:06:35]} 46.
Rc7 {[%clk 00:22:02]} {[%emt 00:04:11]} Bd2+ {[%clk 00:02:18]} {[%emt
00:03:29]} 47. Kf2 {[%clk 00:20:32]} {[%emt 00:01:59]} Bd3 {[%clk 00:01:40]}
{[%emt 00:01:08]} 48. Bxc3 {[%clk 00:20:24]} {[%emt 00:00:38]} Bxf4 {[%clk
00:02:03]} {[%emt 00:00:06]} 49. Rg7+ {[%clk 00:20:51]} {[%emt 00:00:04]} Kf8
{[%clk 00:02:29]} {[%emt 00:00:05]} 50. Rxh7 {[%clk 00:21:00]} {[%emt
00:00:20]} g5 {[%clk 00:02:41]} {[%emt 00:00:18]} 51. Rd7 {[%clk 00:20:57]}
{[%emt 00:00:33]} Bb5 {[%clk 00:01:31]} {[%emt 00:01:40]} 52. Rb7 {[%clk
00:19:40]} {[%emt 00:01:47]} Bc6 {[%clk 00:01:22]} {[%emt 00:00:40]} 53. Rb6
{[%clk 00:19:38]} {[%emt 00:00:32]} Bd5 {[%clk 00:01:26]} {[%emt 00:00:26]} 54.
a6 {[%clk 00:18:37]} {[%emt 00:01:30]} Ke7 {[%clk 00:00:55]} {[%emt 00:01:01]}
55. a7 {[%clk 00:17:10]} {[%emt 00:01:57]} g4 {[%clk 00:00:42]} {[%emt
00:00:43]} 56. Bd4 {[%clk 00:16:59]} {[%emt 00:00:41]} g3+ {[%clk 00:00:35]}
{[%emt 00:00:37]} 57. Kg1 {[%clk 00:17:10]} {[%emt 00:00:18]} Kd7 {[%clk
00:00:33]} {[%emt 00:00:33]} 58. Rb8 {[%clk 00:17:05]} {[%emt 00:00:35]} Ke6
{[%clk 00:00:37]} {[%emt 00:00:26]} 59. a8=Q {[%clk 00:17:12]} {[%emt
00:00:23]} Bxa8 {[%clk 00:01:01]} {[%emt 00:00:05]} 60. Rxa8 {[%clk 00:17:38]}
{[%emt 00:00:05]} Kd5 {[%clk 00:01:10]} {[%emt 00:00:21]} 61. Ba7 {[%clk
00:17:11]} {[%emt 00:00:56]} Ke4 {[%clk 00:01:17]} {[%emt 00:00:24]} 62. Kg2
{[%clk 00:17:27]} {[%emt 00:00:13]} 1-0

[Event "DVM U20 2020"]
[Site "Willingen GER"]
[Date "2021.06.25"]
[Round "4"]
[White "Wübker, Paul-Luca"]
[Black "Knüdel, Torben"]
[Result "1-0"]
[Termination "normal"]
[Board "5.1"]
[WhiteElo "2134"]
[BlackElo "2204"]
[WhiteClock "00:58:16"]
[BlackClock "00:05:13"]
[WhiteTeam "Schachgesellschaft Bochum 1931"]
[BlackTeam "Post SV Uelzen"]
[PlyCount "135"]
[WhiteFideId "12939528"]
[BlackFideId "16208820"]
[EventCountry "GER"]
[EventRounds "7"]
[EventType "team-swiss"]
[EventDate "2021.06.23"]

1. d4 {[%clk 01:30:57]} {[%emt 00:00:02]} Nf6 {[%clk 01:30:44]} {[%emt
00:00:10]} 2. c4 {[%clk 01:31:22]} {[%emt 00:00:11]} g6 {[%clk 01:31:12]}
{[%emt 00:00:02]} 3. Nc3 {[%clk 01:31:47]} {[%emt 00:00:05]} Bg7 {[%clk
01:31:40]} {[%emt 00:00:02]} 4. e4 {[%clk 01:32:12]} {[%emt 00:00:05]} d6
{[%clk 01:32:07]} {[%emt 00:00:03]} 5. f3 {[%clk 01:32:37]} {[%emt 00:00:05]}
Nc6 {[%clk 01:32:34]} {[%emt 00:00:03]} 6. Be3 {[%clk 01:32:59]} {[%emt
00:00:08]} O-O {[%clk 01:32:18]} {[%emt 00:00:46]} 7. Qd2 {[%clk 01:33:19]}
{[%emt 00:00:09]} a6 {[%clk 01:32:45]} {[%emt 00:00:03]} 8. Bd3 {[%clk
01:32:56]} {[%emt 00:00:54]} e5 {[%clk 01:22:54]} {[%emt 00:10:21]} 9. d5
{[%clk 01:32:46]} {[%emt 00:00:39]} Nd4 {[%clk 01:21:56]} {[%emt 00:01:29]} 10.
Nge2 {[%clk 01:29:35]} {[%emt 00:03:41]} Nd7 {[%clk 01:19:57]} {[%emt
00:02:29]} 11. Rc1 {[%clk 01:24:39]} {[%emt 00:05:27]} c5 {[%clk 01:09:13]}
{[%emt 00:11:14]} 12. dxc6 {[%clk 01:23:24]} {[%emt 00:01:44]} bxc6 {[%clk
01:06:21]} {[%emt 00:03:22]} 13. O-O {[%clk 01:22:13]} {[%emt 00:01:41]} Rb8
{[%clk 01:04:09]} {[%emt 00:02:42]} 14. Bb1 {[%clk 01:19:15]} {[%emt 00:03:28]}
Qb6 {[%clk 00:59:56]} {[%emt 00:04:42]} 15. Na4 {[%clk 01:13:13]} {[%emt
00:06:32]} Qb4 {[%clk 00:49:26]} {[%emt 00:10:58]} 16. Nxd4 {[%clk 01:10:56]}
{[%emt 00:02:50]} Qxd2 {[%clk 00:48:30]} {[%emt 00:01:26]} 17. Bxd2 {[%clk
01:11:18]} {[%emt 00:00:08]} exd4 {[%clk 00:48:58]} {[%emt 00:00:02]} 18. c5
{[%clk 01:10:22]} {[%emt 00:01:26]} Nxc5 {[%clk 00:40:24]} {[%emt 00:09:05]}
19. Nxc5 {[%clk 01:10:40]} {[%emt 00:00:12]} dxc5 {[%clk 00:40:51]} {[%emt
00:00:02]} 20. b3 {[%clk 01:10:27]} {[%emt 00:00:43]} d3 {[%clk 00:32:00]}
{[%emt 00:09:22]} 21. Be3 {[%clk 01:07:20]} {[%emt 00:03:36]} Rd8 {[%clk
00:28:32]} {[%emt 00:03:58]} 22. Rxc5 {[%clk 01:06:12]} {[%emt 00:01:38]} Bf8
{[%clk 00:22:11]} {[%emt 00:06:50]} 23. Rc3 {[%clk 01:01:39]} {[%emt 00:05:04]}
a5 {[%clk 00:16:08]} {[%emt 00:06:34]} 24. Rxd3 {[%clk 00:58:59]} {[%emt
00:03:10]} Ba6 {[%clk 00:16:33]} {[%emt 00:00:04]} 25. Rxd8 {[%clk 00:59:20]}
{[%emt 00:00:09]} Rxd8 {[%clk 00:17:01]} {[%emt 00:00:01]} 26. Rc1 {[%clk
00:59:42]} {[%emt 00:00:08]} c5 {[%clk 00:12:04]} {[%emt 00:05:29]} 27. Bc2
{[%clk 00:59:26]} {[%emt 00:00:45]} c4 {[%clk 00:11:44]} {[%emt 00:00:51]} 28.
Kf2 {[%clk 00:58:04]} {[%emt 00:01:51]} Bb4 {[%clk 00:07:17]} {[%emt 00:04:56]}
29. Rd1 {[%clk 00:57:52]} {[%emt 00:00:43]} Rc8 {[%clk 00:07:34]} {[%emt
00:00:12]} 30. Bb6 {[%clk 00:56:59]} {[%emt 00:01:24]} Bc5+ {[%clk 00:06:28]}
{[%emt 00:01:35]} 31. Bxc5 {[%clk 00:57:22]} {[%emt 00:00:08]} Rxc5 {[%clk
00:06:57]} {[%emt 00:00:01]} 32. Ke3 {[%clk 00:48:33]} {[%emt 00:09:19]} cxb3
{[%clk 00:06:22]} {[%emt 00:01:05]} 33. Bxb3 {[%clk 00:45:34]} {[%emt
00:03:26]} Rc3+ {[%clk 00:06:49]} {[%emt 00:00:06]} 34. Kd4 {[%clk 00:45:00]}
{[%emt 00:01:04]} Rc7 {[%clk 00:07:03]} {[%emt 00:00:14]} 35. Ke5 {[%clk
00:43:32]} {[%emt 00:02:00]} Kg7 {[%clk 00:06:26]} {[%emt 00:01:07]} 36. Kf4
{[%clk 00:40:32]} {[%emt 00:03:30]} Be2 {[%clk 00:05:37]} {[%emt 00:01:19]} 37.
Rd2 {[%clk 00:40:49]} {[%emt 00:00:13]} Bf1 {[%clk 00:06:00]} {[%emt 00:00:06]}
38. Kg3 {[%clk 00:40:59]} {[%emt 00:00:21]} Ra7 {[%clk 00:03:27]} {[%emt
00:03:02]} 39. Bd5 {[%clk 00:40:58]} {[%emt 00:00:31]} Rc7 {[%clk 00:03:19]}
{[%emt 00:00:38]} 40. Rb2 {[%clk 00:40:50]} {[%emt 00:00:39]} h6 {[%clk
00:03:17]} {[%emt 00:00:31]} 41. Rb1 {[%clk 00:32:35]} {[%emt 00:08:46]} Ba6
{[%clk 00:02:19]} {[%emt 00:01:26]} 42. Rb6 {[%clk 00:32:53]} {[%emt 00:00:15]}
Bf1 {[%clk 00:30:09]} {[%emt 00:02:39]} 43. Rc6 {[%clk 01:01:34]} Rxc6 {[%clk
00:25:37]} {[%emt 00:06:52]} 44. Bxc6 {[%clk 01:01:29]} {[%emt 00:00:35]} g5
{[%clk 00:17:55]} {[%emt 00:08:11]} 45. Bd5 {[%clk 01:00:45]} {[%emt 00:01:14]}
Bd3 {[%clk 00:14:29]} {[%emt 00:03:56]} 46. Kf2 {[%clk 01:01:04]} {[%emt
00:00:13]} f5 {[%clk 00:13:47]} {[%emt 00:01:11]} 47. Ke3 {[%clk 01:01:28]}
{[%emt 00:00:07]} Bf1 {[%clk 00:13:01]} {[%emt 00:01:16]} 48. g3 {[%clk
01:01:50]} {[%emt 00:00:08]} Kf6 {[%clk 00:13:12]} {[%emt 00:00:18]} 49. Kd4
{[%clk 01:00:43]} {[%emt 00:01:38]} fxe4 {[%clk 00:13:20]} {[%emt 00:00:22]}
50. fxe4 {[%clk 01:01:05]} {[%emt 00:00:08]} Bh3 {[%clk 00:10:03]} {[%emt
00:03:46]} 51. e5+ {[%clk 00:59:51]} {[%emt 00:01:44]} Ke7 {[%clk 00:10:21]}
{[%emt 00:00:13]} 52. a4 {[%clk 00:59:00]} {[%emt 00:01:20]} Bd7 {[%clk
00:07:16]} {[%emt 00:03:35]} 53. Bb3 {[%clk 00:59:22]} {[%emt 00:00:08]} h5
{[%clk 00:07:42]} {[%emt 00:00:05]} 54. Kc5 {[%clk 00:58:39]} {[%emt 00:01:14]}
h4 {[%clk 00:07:49]} {[%emt 00:00:23]} 55. Kb6 {[%clk 00:58:36]} {[%emt
00:00:32]} Bxa4 {[%clk 00:07:43]} {[%emt 00:00:36]} 56. Bxa4 {[%clk 00:58:28]}
{[%emt 00:00:38]} Ke6 {[%clk 00:08:03]} {[%emt 00:00:11]} 57. Kc5 {[%clk
00:57:30]} {[%emt 00:01:27]} Kxe5 {[%clk 00:08:23]} {[%emt 00:00:11]} 58. Bc2
{[%clk 00:57:53]} {[%emt 00:00:07]} a4 {[%clk 00:05:08]} {[%emt 00:03:45]} 59.
Bxa4 {[%clk 00:55:44]} {[%emt 00:02:39]} Ke4 {[%clk 00:05:34]} {[%emt
00:00:04]} 60. Bd1 {[%clk 00:55:40]} {[%emt 00:00:33]} Ke3 {[%clk 00:05:31]}
{[%emt 00:00:34]} 61. g4 {[%clk 00:55:51]} {[%emt 00:00:19]} h3 {[%clk
00:02:53]} {[%emt 00:03:08]} 62. Kd5 {[%clk 00:56:04]} {[%emt 00:00:16]} Kf2
{[%clk 00:03:17]} {[%emt 00:00:07]} 63. Ke4 {[%clk 00:56:24]} {[%emt 00:00:10]}
Kg2 {[%clk 00:03:41]} {[%emt 00:00:06]} 64. Kf5 {[%clk 00:56:47]} {[%emt
00:00:07]} Kxh2 {[%clk 00:04:02]} {[%emt 00:00:09]} 65. Bf3 {[%clk 00:57:10]}
{[%emt 00:00:07]} Kg3 {[%clk 00:04:24]} {[%emt 00:00:08]} 66. Bd5 {[%clk
00:57:33]} {[%emt 00:00:06]} Kh4 {[%clk 00:04:50]} {[%emt 00:00:05]} 67. Bc6
{[%clk 00:57:57]} {[%emt 00:00:06]} h2 {[%clk 00:05:13]} {[%emt 00:00:07]} 68.
Bb7 {[%clk 00:58:16]} {[%emt 00:00:11]} 1-0